Southville International School and Colleges
Your cart is empty.
  • Cart
  • Lists
    Public lists Eva Luna New books Lux_list list_1
    Your lists Log in to create your own lists
  • Log in to your account
  • Your cookies
  • Search history
Southville International School and Colleges
  • Advanced search
  • Recent comments
  • Most popular
  • Libraries

Log in to your account

Log in with GOOGLE


If you do not have an external account, but do have a local account, you can still log in:

  1. Home
  2. MARC view: A pocket full of kisses /
Normal view MARC view ISBD view

A pocket full of kisses / (Record no. 34216)

[ view plain ]
MARC details
000 -LEADER
fixed length control field 01421cam a2200397 a 4500
001 - CONTROL NUMBER
control field 13520239
003 - CONTROL NUMBER IDENTIFIER
control field OSt
005 - DATE AND TIME OF LATEST TRANSACTION
control field 20140310184420.0
008 - FIXED-LENGTH DATA ELEMENTS--GENERAL INFORMATION
fixed length control field 040312s2004 dcua b 000 1 eng
010 ## - LIBRARY OF CONGRESS CONTROL NUMBER
LC control number 2004006046
020 ## - INTERNATIONAL STANDARD BOOK NUMBER
International Standard Book Number 9780439686167
020 ## - INTERNATIONAL STANDARD BOOK NUMBER
International Standard Book Number 0439686164
040 ## - CATALOGING SOURCE
Original cataloging agency DLC
Transcribing agency DLC
Modifying agency DLC
042 ## - AUTHENTICATION CODE
Authentication code lcac
050 00 - LIBRARY OF CONGRESS CALL NUMBER
Classification number PZ 7
Item number .P38448 2004
082 00 - DEWEY DECIMAL CLASSIFICATION NUMBER
Classification number [E]
100 1# - MAIN ENTRY--PERSONAL NAME
Personal name Penn, Audrey,
Dates associated with a name 1947-
9 (RLIN) 26623
245 12 - TITLE STATEMENT
Title A pocket full of kisses /
Statement of responsibility, etc Audrey Penn ; illustrated by Barbara Leonard Gibson.
260 ## - PUBLICATION, DISTRIBUTION, ETC. (IMPRINT)
Place of publication, distribution, etc Washington, D.C. :
Name of publisher, distributor, etc Child & Family Press,
Date of publication, distribution, etc c2004.
300 ## - PHYSICAL DESCRIPTION
Extent 1 v. (unpaged) :
Other physical details col. ill. ;
Dimensions 27 cm.
500 ## - GENERAL NOTE
General note "The endearing sequel to the New York Times bestseller The Kissing Hand"--Cover.
520 ## - SUMMARY, ETC.
Summary, etc Chester Raccoon is worried that his mother does not have enough love for both him and his new baby brother.
521 ## - TARGET AUDIENCE NOTE
Target audience note
526 ## - STUDY PROGRAM INFORMATION NOTE
Reading level 830
562 ## - COPY AND VERSION IDENTIFICATION NOTE
Number of copies For Scholastic Reading Center. 1 copy available
650 #1 - SUBJECT ADDED ENTRY--TOPICAL TERM
Topical term or geographic name as entry element Mother and child
Form subdivision Fiction.
9 (RLIN) 26624
650 #1 - SUBJECT ADDED ENTRY--TOPICAL TERM
Topical term or geographic name as entry element Sibling rivalry
Form subdivision Fiction.
9 (RLIN) 26625
650 #1 - SUBJECT ADDED ENTRY--TOPICAL TERM
Topical term or geographic name as entry element Love
Form subdivision Fiction.
9 (RLIN) 26626
650 #1 - SUBJECT ADDED ENTRY--TOPICAL TERM
Topical term or geographic name as entry element Babies
Form subdivision Fiction.
9 (RLIN) 26627
650 #1 - SUBJECT ADDED ENTRY--TOPICAL TERM
Topical term or geographic name as entry element Raccoon
Form subdivision Fiction.
9 (RLIN) 26628
700 1# - ADDED ENTRY--PERSONAL NAME
Personal name Gibson, Barbara,
Relator term ill.
9 (RLIN) 26629
906 ## - LOCAL DATA ELEMENT F, LDF (RLIN)
a 7
b cbc
c orignew
d 1
e ecip
f 20
g y-gencatlg
942 ## - ADDED ENTRY ELEMENTS (KOHA)
Source of classification or shelving scheme Library of Congress Classification
Koha item type
Holdings
Withdrawn status Lost status Source of classification or shelving scheme Damaged status Home library Current library Shelving location Date acquired Total Checkouts Full call number Barcode Date last seen Copy number Price effective from Koha item type
    Library of Congress Classification   Luxembourg Library Luxembourg Library Scholastic Reading Center Section 10/08/2013   PZ 7 .P38448 2004 LEX0202 04/18/2017 1 10/08/2013 Books

A pocket full of kisses /

APA

Penn A., Gibson B., . (2004). A pocket full of kisses. Washington, D.C: Child & Family Press.

Chicago

Penn Audrey, Gibson Barbara, . 2004. A pocket full of kisses. Washington, D.C: Child & Family Press.

Harvard

Penn A., Gibson B., . (2004). A pocket full of kisses. Washington, D.C: Child & Family Press.

MLA

Penn Audrey, Gibson Barbara, . A pocket full of kisses. Washington, D.C: Child & Family Press. 2004.

  • Place hold
  • Print
  • Cite
  • Add to your cart (remove)
  • Save record
    BIBTEX Dublin Core MARCXML MARC (non-Unicode/MARC-8) MARC (Unicode/UTF-8) MARC (Unicode/UTF-8, Standard) MODS (XML) RIS
  • More searches
    Search for this title in:
    Other Libraries (WorldCat) Other Databases (Google Scholar) Online Stores (Bookfinder.com) Open Library (openlibrary.org)

Exporting to Dublin Core...

SOUTHVILLE LIBRARY

Southville International School and Colleges Library

1281 Tropical Ave. Cor. Luxembourg St., BF Homes International, Las Pinas City

Tel. No. 8256374 / 252358 Loc. 117/146

Powered by Koha